|
|
|
|
| LEADER |
01417nam a2200337 a 4500 |
| 001 |
13357997 |
| 008 |
090808s2003 enkb b 001 0 eng d |
| 010 |
|
|
|a 2003277884
|
| 020 |
|
|
|a 0140447946 (pbk.)
|
| 040 |
|
|
|a DLC
|c DLC
|d DLC
|
| 082 |
0 |
0 |
|a 883/.01
|2 22
|
| 100 |
0 |
|
|a Homer.
|
| 240 |
1 |
0 |
|a Iliad.
|l English
|
| 245 |
1 |
4 |
|a The Iliad /
|c Homer ; originally translated by E.V. Rieu ; revised and updated by Peter Jones with D.C.H. Rieu ; edited with an introduction and notes by Peter Jones.
|
| 260 |
|
|
|a London ;
|a New York :
|b Penguin Books,
|c 2003.
|
| 300 |
|
|
|a lxxxv, 462 p. :
|b maps ;
|c 20 cm.
|
| 490 |
0 |
|
|a Penguin classics
|
| 504 |
|
|
|a Includes bibliographical references (p. [lxxv]-lxxvii) and index.
|
| 541 |
1 |
|
|e 00014527
|
| 650 |
|
0 |
|a Epic poetry, Greek
|v Translations into English.
|
| 650 |
|
0 |
|a Achilles (Greek mythology)
|v Fiction.
|
| 650 |
|
0 |
|a Greeks
|z Turkey
|v Fiction.
|
| 650 |
|
0 |
|a Mythology, Greek
|v Fiction.
|
| 650 |
|
0 |
|a Trojan War
|v Fiction.
|
| 651 |
|
0 |
|a Troy (Extinct city)
|v Fiction.
|
| 700 |
1 |
|
|a Rieu, E. V.
|q (Emile Victor),
|d 1887-1972.
|
| 700 |
1 |
|
|a Jones, P. V.
|q (Peter V.)
|
| 700 |
1 |
|
|a Rieu, D. C. H.
|q (D. Christopher H.)
|
| 852 |
4 |
|
|a Ayesha Abed Library
|j General Shelf.
|
| 999 |
|
|
|c 3342
|d 3342
|
| 952 |
|
|
|0 0
|1 0
|2 ddc
|4 0
|6 883_010000000000000_HOM_2003
|7 0
|9 3033
|a BRACUL
|b BRACUL
|c GEN
|d 2009-08-31
|l 17
|m 116
|o 883.01 HOM
|p 3010014527
|q 2026-05-21
|r 2026-05-14
|s 2026-05-14
|t 1
|v 755.00
|w 2009-08-31
|y BK
|